000 00551nam a2200217Ia 4500
003 LK-CoDNM
008 010623t1923 xxu||||| |||| 00| 1 sin d
040 _aLK-CoDNM
_dLK-CoDNM
_eLK-CoDNM
041 _asin
080 _a104 E.12
100 _aPunnasaara thero,Welivitiyee
_eed.
245 _aආනන්දෝදය
246 _aAanandoodaya
260 _bN.P.L.Wijeeseekara
_aGalle
_c1923
300 _b46p., 21 cm
650 _aBhikku
650 _aEnlightenment
650 _aPathana Suththan
650 _aPoson festival
942 _cBK
999 _c91694
_d91694